Charles-René-Dominique Sochet Destouches papers, (Record no. 40976)
[ view plain ]
| 000 -LEADER | |
|---|---|
| fixed length control field | 01219cpcaa2200289 4500 |
| 001 - CONTROL NUMBER | |
| control field | mm 79001846 |
| 003 - CONTROL NUMBER IDENTIFIER | |
| control field | DLC |
| 005 - DATE AND TIME OF LATEST TRANSACTION | |
| control field | 20260227111639.0 |
| 008 - FIXED-LENGTH DATA ELEMENTS--GENERAL INFORMATION | |
| fixed length control field | 790423|||||||||||| fre |
| 010 ## - LIBRARY OF CONGRESS CONTROL NUMBER | |
| LC control number | mm 79001846 |
| 040 ## - CATALOGING SOURCE | |
| Original cataloging agency | DLC |
| Description conventions | dacs |
| Transcribing agency | DLC |
| Modifying agency | DLC |
| 072 #7 - SUBJECT CATEGORY CODE | |
| Subject category code | C |
| Source | lcmd |
| 100 1# - MAIN ENTRY--PERSONAL NAME | |
| Personal name | Destouches, Charles-René-Dominique Sochet, |
| Dates associated with a name | 1727-1794. |
| 245 00 - TITLE STATEMENT | |
| Title | Charles-René-Dominique Sochet Destouches papers, |
| Inclusive dates | 1781-1784. |
| 300 ## - PHYSICAL DESCRIPTION | |
| Extent | 8 |
| Type of unit | items. |
| 506 0# - RESTRICTIONS ON ACCESS NOTE | |
| Terms governing access | Open to research. |
| 520 8# - SUMMARY, ETC. | |
| Summary, etc. | Charts, journal pages, and memos regarding naval battles of the Revolutionary War, and a letter from French Admiral Louis Barras. |
| 545 0# - BIOGRAPHICAL OR HISTORICAL DATA | |
| Biographical or historical data | French naval officer. |
| 546 ## - LANGUAGE NOTE | |
| Language note | Collection material in French. |
| 580 ## - LINKING ENTRY COMPLEXITY NOTE | |
| Linking entry complexity note | Forms part of: Miscellaneous Manuscripts collection. |
| 600 10 - SUBJECT ADDED ENTRY--PERSONAL NAME | |
| Personal name | Barras, Louis, |
| Titles and other words associated with a name | comte de, |
| Dates associated with a name | -1788 |
| Form subdivision | Correspondence. |
| 651 #0 - SUBJECT ADDED ENTRY--GEOGRAPHIC NAME | |
| Geographic name | United States |
| General subdivision | History |
| Chronological subdivision | Revolution, 1775-1783 |
| General subdivision | Naval operations. |
| 651 #0 - SUBJECT ADDED ENTRY--GEOGRAPHIC NAME | |
| Geographic name | United States |
| General subdivision | History |
| Chronological subdivision | Revolution, 1775-1783 |
| General subdivision | Participation, French. |
| 656 #7 - INDEX TERM--OCCUPATION | |
| Occupation | Naval officers, French. |
| Source of term | itoamc |
No items available.